日本の空港コード - Statistics

General Stats
  • This quiz has been taken 1,601 times
  • The average score is 10 of 15
Answer Stats
Airport Code Airport % Correct
FUK 福岡空港
99%
NRT 成田国際空港
87%
HND 東京国際空港
85%
NGO 中部国際空港
82%
ITM 大阪国際空港
81%
KIX 関西国際空港
75%
CTS 新千歳空港
66%
NGS 長崎空港
61%
AOJ 青森空港
61%
SDJ 仙台空港
56%
HIJ 広島空港
53%
OKA 那覇空港
52%
TAK 高松空港
50%
MYJ 松山空港
36%
KIJ 新潟空港
23%
No matching quizzes found
Score Distribution
Percent of People with Each Score
Percentile by Number Answered
Your Score History
You have not taken this quiz